000
00308nam a22001217a 4500
020
_a
9788183484602
082
_a
371.271 ARI/20
100
_a
Arihant Expert Team
245
_a
20 Practice sets SBI Clerical Grade Recruitment Exam
260
_a
new Delhi
_b
Arihant Publications
300
_a
328
942
_c
BK
999
_c
13840
_d
13840